Cine underground
Furkejuvvon:
| Váldodahkki: | |
|---|---|
| Materiálatiipa: | Girji |
| Giella: | espánnjágiella |
| Almmustuhtton: |
Barcelona
Planeta
1973
|
| Ráidu: | Ensayos Planeta
|
| Fáttát: | |
| Fáddágilkorat: |
Lasit fáddágilkoriid
Eai fáddágilkorat, Lasit vuosttaš fáddágilkora!
|
MARC
| LEADER | 00000nam a2200000 a 4500 | ||
|---|---|---|---|
| 001 | UCO5005 | ||
| 003 | CL-VaPUC | ||
| 008 | 000825e19730000SP |||||||||||||||||spa|d | ||
| 082 | 0 | 4 | |a 791.43 |b TYL |2 21 |
| 100 | 0 | |a Tyler, Parker |e author |9 449734 | |
| 245 | 1 | 0 | |a Cine underground |
| 300 | |a 256 p | ||
| 942 | |c BK | ||
| 945 | |d 20000825 00:00:00 |a crobeson | ||
| 260 | |a Barcelona |b Planeta |c 1973 | ||
| 650 | 0 | |a Cine |9 225706 | |
| 650 | 0 | |a Vanguardias en el cine |9 449637 | |
| 650 | 0 | |a Artes escénicas |9 318853 | |
| 650 | 7 | |a PELICULAS CINEMATOGRAFICAS |2 CL-VaPUC |9 449735 | |
| 583 | |a last modification |c 20000825 00:00:00 |k Rodrigo Vera | ||
| 490 | 0 | |a Ensayos Planeta | |
| 999 | |c 290962 |d 290960 | ||
| 952 | |0 0 |1 0 |4 0 |6 791_430000000000000_TYL_1973 |7 0 |8 R |9 340594 |a BIBART |b BIBART |d 2019-11-20 |i 1217909 |o 791.43 TYL 1973 |p 1217909 |r 2025-03-13 |w 2019-11-20 |y BK_R |k ART | ||